[Dějiny Egypta]

Recenzia na knihu ktorá predstavuje prehľadný výklad dejín Egypta v období vyše päťtisíc rokov vývoja. Je rozčlenená premyslene a logicky do 35 kapitol. Je to výsledok mnohoročnej úspešnej symbiózy pedagogickej a vedeckej činnosti všetkých troch autorov.

Uložené v:
Podrobná bibliografia
Hlavný autor: Sorby, Karol R.
Médium: Kapitola
Jazyk:Slovak
Predmet:
Tagy: Pridať tag
Žiadne tagy, Buďte prvý, kto otaguje tento záznam!

MARC

LEADER 00000naa a2200000 4500
001 0141613
005 20240502072535.6
041 0 |a slo 
044 |a SK 
245 1 0 |a [Dějiny Egypta]  |c Karol R. Sorby 
520 |a Recenzia na knihu ktorá predstavuje prehľadný výklad dejín Egypta v období vyše päťtisíc rokov vývoja. Je rozčlenená premyslene a logicky do 35 kapitol. Je to výsledok mnohoročnej úspešnej symbiózy pedagogickej a vedeckej činnosti všetkých troch autorov. 
610 2 0 |a Egypt 
610 2 0 |a dejiny 
610 2 0 |a recenzie 
610 2 0 |a politika medzinárodná 
100 1 |a Sorby, Karol R.